| 000 | 02069nam a2200373 c 4500 | ||
|---|---|---|---|
| 003 | BLK | ||
| 005 | 20180420224640.0 | ||
| 008 | 180408b bul|||||r ||||||| ||bul|| | ||
| 010 | _aKNG00086592000 | ||
| 020 |
_a978-954-712-398-4 _bиздат.: Русенски унив. Ангел Кънчев |
||
| 040 | _aBLK | ||
| 041 |
_aBUL _cBUL |
||
| 080 |
_aСъдоустройство. Организация на съдилищата - съдебен език, компетенция на съдилищата, видове съдълища:Конституционен, върховен, апелационен, касационен, от първа и втора инстанция, окръжен, гр _b347.97/.99 _x(497.2)(091) _z347.97/.99(497.2)(091) |
||
| 080 |
_aСъдебни лица, юристи, съдебни изпълнители(лица, действащи в гражданско съдопроизводство)-Нотариуси, съдии, прокуратура, прокурори, пълномощници, адвокати и др. _b347.96 _x(497.2)(091) _z347.96(497.2)(091) |
||
| 100 | 1 |
_aЙочев, Евгени Благоев _eпърви автор _9295877 |
|
| 139 |
_aЙочев, Евгени Благоев _bИ 85 |
||
| 245 | 1 | 0 |
_aПринципът на несмяняемост на съдиите в българското законодателство 1878-1944 _cЕвгени Благоев Йочев. |
| 257 | _aBGR | ||
| 260 |
_аРусе _bРусенски унив. Ангел Кънчев _c2007 |
||
| 300 |
_a334 с. _c20 см |
||
| 380 | _a3 | ||
| 590 | _aф | ||
| 650 | 4 |
_aСъд и съдоустройство - България _9273511 |
|
| 650 | 4 |
_aПрависти, български _9275976 |
|
| 650 | 4 |
_aБългария - право и правосъдие _9242780 |
|
| 653 | _aсъдии | ||
| 653 | _aсъдебна власт | ||
| 653 | _aистория | ||
| 852 | _aЦб 241989 | ||
| 856 | 4 |
_qpdf _u |
|
| 856 | 4 |
_qpdf _u |
|
| 942 |
_cKNG _n0 |
||
| 944 |
_aCR _c19.11.2008 _kГеновева_Генчева |
||
| 944 |
_aED _c24.11.2008 _k |
||
| 999 |
_c82072 _d82072 |
||